000 00937nam a22001817a 4500
999 _c58874
_d58874
003 Ge_BSU
005 20221017103732.0
008 221012s2018 ge ||||| |||| 00| 0 geo d
041 _ageo
080 _a930.25(479.223)(051) ა-86
245 _aარხეიონი = Archeion :
_cაჭარის ავტონომიური რესპუბლიკის მთავრობის საქვეუწყებო დაწესებულება-საარქივო სამმართველო ; რედაქტორი თამაზ ფუტკარაძე.
_b N 16 /
264 _aბათუმი :
_bუნივერსალი,
_c2018.
300 _a118 გვ. :
_bილ.;
_c26 სმ.
653 _aისტორია
653 _aარხეიონი
700 _aფუტკარაძე, თამაზ
_e რედაქტორი
_915286
942 _2udc
_cBK